| 000 | 00510nam a22001457a 4500 | ||
|---|---|---|---|
| 082 | _a620.1 | ||
| 100 | _aNabeel ur Rehman. | ||
| 245 |
_aApplication of New Energy Based Fatigue Life Assessment Method for Optimizing UAV Wing Design / _cNabeel ur Rehman. |
||
| 260 |
_aIslamabad; _bCEME - NUST, _c2014. |
||
| 300 |
_a92 p. : _bill. ; _c30cm. |
||
| 650 |
_aMechanical Engineering MS-Thesis. _916090 |
||
| 700 |
_aImran Akhtar. _931651 |
||
| 942 |
_2ddc _cTHE |
||
| 999 |
_c536482 _d536482 |
||